Normal view
MARC view
- Gamboa, Federico,
Entry Nombre Personal
001 - NUMERO DE CONTROL
- campo de control: 49854
003 - IDENTIFICADOR DE NUMERO DE CONTROL
- campo de control: MX-MxUPN
005 - FECHA Y HORA DE LA ÜLTIMA TRANSACCIÓN
- campo de control: 20230831164449.0
008 - DATOS DE LONGITUD FIJA
- campo de control de longitud fija: 230831nn fcznnbabb n aaa d
040 ## - FUENTE DE CATALOGACIÓN
- Agencia original de catalogación: MX-MxUPN
- Lenguaje de catalogación: spa
100 1# - ENCABEZAMIENTO - NOMBRE PERSONAL
- Nombre personal: Gamboa, Federico,
- Fechas asociadas con el nombre: 1864-1939
- Subdivisión de forma: Correspondencia, memorias, etc.
670 ## - FUENTE EN LA QUE SE LOCALIZARON DATOS
- Cita de la fuente: Autoridades BGTQ, 31 agosto 2023:
- Información localizada: (Gamboa, Federico, 1864-1939)
670 ## - FUENTE EN LA QUE SE LOCALIZARON DATOS
- Cita de la fuente: Autoridades BGTQ, 31 agosto 2023:
- Información localizada: (Subdivisión de forma: Correspondencia, memoras, etc.)
902 ## - CATALOGADOR
- Catalogador: VíctorGodínez/310823
